Statistics for French Speaking Cities Map Quiz

Click here to take the quiz!

General Stats

  • This quiz has been taken 1,392 times
  • The average score is 22 of 30

Answers on the Map

Answers color-coded by a green-red scale on the quiz's map according to % correct below.
 

Answer Stats

Answer% Correct
Paris
96%
Monaco
87%
Antananarivo
85%
Bordeaux
85%
Dakar
85%
Geneva
85%
Kinshasa
85%
Brussels
84%
Marseille
83%
Lyon
82%
Port-au-Prince
81%
N'Djamena
78%
Montréal
76%
Ouagadougou
76%
Liège
75%
Timbuktu
75%
Abidjan
74%
Quebec City
74%
Libreville
72%
Nantes
71%
Lille
70%
Dijon
68%
Saint-Pierre
68%
Cap-Haïtien
66%
Lubumbashi
63%
Montpellier
63%
Douala
58%
Sherbrooke
36%
Gatineau
35%
Gonaïves
29%

Score Distribution

Percentile by Number Answered

Percent of People with Each Score

Your Score History

You have not taken this quiz